The ice cream connection : (Запис № 509929)

МАРК-запис
000 -LEADER
fixed length control field 01879cam a2200493 i 4500
001 - CONTROL NUMBER
control field icecreamconnecti00pome
003 - CONTROL NUMBER IDENTIFIER
control field CaSfIA
005 - DATE AND TIME OF LATEST TRANSACTION
control field 20210118102002.0
007 - PHYSICAL DESCRIPTION FIXED FIELD--GENERAL INFORMATION
fixed length control field cr||||
008 - FIXED-LENGTH DATA ELEMENTS--GENERAL INFORMATION
fixed length control field 750617s1975 nyua b 000 0 eng
010 ## - LIBRARY OF CONGRESS CONTROL NUMBER
LC control number 75011170
040 ## - CATALOGING SOURCE
Original cataloging agency DLC
Transcribing agency DLC
Modifying agency OCLCG
-- AU@
-- UKV3G
-- UKM
-- CaSfIA
015 ## - NATIONAL BIBLIOGRAPHY NUMBER
National bibliography number B7601149
019 ## -
-- 16297830
-- 59993999
020 ## - INTERNATIONAL STANDARD BOOK NUMBER
International Standard Book Number 084670062X :
Terms of availability $7.95
020 ## - INTERNATIONAL STANDARD BOOK NUMBER
International Standard Book Number 9780846700623
035 ## - SYSTEM CONTROL NUMBER
System control number (OCoLC)1527470
Canceled/invalid control number (OCoLC)16297830
-- (OCoLC)59993999
050 #0 - LIBRARY OF CONGRESS CALL NUMBER
Classification number TX795
Item number .P65
082 00 - DEWEY DECIMAL CLASSIFICATION NUMBER
Classification number 641.3/7/4
Edition number 18
029 1# - (OCLC)
OCLC library identifier NZ1
System control number 4107319
029 1# - (OCLC)
OCLC library identifier AU@
System control number 000000386493
029 1# - (OCLC)
OCLC library identifier AU@
System control number 000027521644
029 1# - (OCLC)
OCLC library identifier UKM
System control number b7601149
029 1# - (OCLC)
OCLC library identifier NLGGC
System control number 760082804
029 1# - (OCLC)
OCLC library identifier UNITY
System control number 066282403
029 1# - (OCLC)
OCLC library identifier BIRCL
System control number 084670062x
029 1# - (OCLC)
OCLC library identifier UKBCC
System control number 084670062x
029 1# - (OCLC)
OCLC library identifier UKHRW
System control number 084670062x
029 1# - (OCLC)
OCLC library identifier UKHSF
System control number 084670062x
029 1# - (OCLC)
OCLC library identifier GLOCC
System control number 084670062x
029 1# - (OCLC)
OCLC library identifier HAF
System control number 084670062x
100 1# - MAIN ENTRY--PERSONAL NAME
Personal name Pomeroy, Ralph,
Dates associated with a name 1926-
245 14 - TITLE STATEMENT
Title The ice cream connection :
Medium [electronic resource]
Remainder of title all you'd love to know about ice cream /
Statement of responsibility, etc Ralph Pomeroy.
260 ## - PUBLICATION, DISTRIBUTION, ETC. (IMPRINT)
Place of publication, distribution, etc New York :
Name of publisher, distributor, etc Paddington Press,
Date of publication, distribution, etc c1975.
300 ## - PHYSICAL DESCRIPTION
Extent 287 p. :
Other physical details ill. ;
Dimensions 28 cm.
504 ## - BIBLIOGRAPHY, ETC. NOTE
Bibliography, etc Bibliography: p. 287.
506 ## - RESTRICTIONS ON ACCESS NOTE
Standardized terminology for access restriction Необхідна авторизація на https://archive.org/ (створення облікового запису безкоштовно)
506 ## - RESTRICTIONS ON ACCESS NOTE
Standardized terminology for access restriction Необхідна авторизація на https://openlibrary.org/ (створення облікового запису безкоштовно)
650 #0 - SUBJECT ADDED ENTRY--TOPICAL TERM
Topical term or geographic name as entry element Ice cream, ices, etc.
653 ## - INDEX TERM--UNCONTROLLED
Uncontrolled term Ice cream, to 1975
856 41 - ELECTRONIC LOCATION AND ACCESS
Uniform Resource Identifier <a href="http://www.archive.org/details/icecreamconnecti00pome">http://www.archive.org/details/icecreamconnecti00pome</a>
Public note Free eBook from the Internet Archive
856 42 - ELECTRONIC LOCATION AND ACCESS
Uniform Resource Identifier <a href="http://www.openlibrary.org/books/OL5190722M">http://www.openlibrary.org/books/OL5190722M</a>
Public note Additional information and access via Open Library
942 ## - ADDED ENTRY ELEMENTS (KOHA)
Koha item type ЕКнига

Немає доступних примірників.